<?xml version="1.0" encoding="UTF-8"?>
<marc:record xmlns:marc="http://www.loc.gov/MARC21/slim">
   <marc:leader>00000nam a2200000 a 4500</marc:leader>
   <marc:datafield ind1="1" ind2=" " tag="100">
      <marc:subfield code="a">Harder, Corinna</marc:subfield>
      <marc:subfield code="4">aut</marc:subfield>
      <marc:subfield code="e">Verfasser/-in</marc:subfield>
   </marc:datafield>
   <marc:datafield ind1="1" ind2=" " tag="100">
      <marc:subfield code="a">Schumacher, Jens</marc:subfield>
      <marc:subfield code="4">aut</marc:subfield>
      <marc:subfield code="e">Verfasser/-in</marc:subfield>
   </marc:datafield>
   <marc:datafield ind1="0" ind2="0" tag="245">
      <marc:subfield code="a">Professor Berkley und die Türme von Oxford</marc:subfield>
   </marc:datafield>
   <marc:datafield ind1="0" ind2="0" tag="245">
      <marc:subfield code="b">zehn außergewöhnliche Ratekrimis</marc:subfield>
   </marc:datafield>
   <marc:datafield ind1="0" ind2="0" tag="245">
      <marc:subfield code="c">Corinna Harder ; Jens Schumacher. Mit Ill. von Bernhard Speh</marc:subfield>
   </marc:datafield>
   <marc:datafield ind1=" " ind2="1" tag="264">
      <marc:subfield code="a">Freiburg im Breisgau ; Wien ; Basel</marc:subfield>
      <marc:subfield code="b">Kerle bei Herder</marc:subfield>
      <marc:subfield code="c">2005</marc:subfield>
   </marc:datafield>
   <marc:datafield ind1="1" ind2=" " tag="490">
      <marc:subfield code="a">Professor Berkley - Band 5</marc:subfield>
   </marc:datafield>
   <marc:datafield ind1="1" ind2=" " tag="520">
      <marc:subfield code="a">10 neue Ratekrimis mit Professor Berkley, der sich diesmal in Oxford aufhält. Ähnlichkeiten mit Sherlock Holmes sind beabsichtigt. So trägt Berkley ausschließlich einen karierten Mantel. Um seinen Hals schlängelt sich seit dem 1. Band der Reihe die schwarzbepelzte Katze Witty. Sie hält Berkley den Hals warm und unterstützt ihn zugleich bei der Klärung von Kriminalfällen. Bei den kurzen Fällen wird das Denkvermögen der Leser u.a. in Sachen Diebstahl, Mord und Verbotsüberschreitung geschult. Die Lösungen sind als Fortführung der jeweiligen Geschichte im Anhang zu lesen. Alle Figuren agieren nach festgelegten Mustern. Dadurch wirken die Charaktere starr. Die Wiederholungen machen die Geschichte vorhersehbar. Die Rätsel jedoch sind dem Alter angemessen und erfordern schlüssige Kombinationsgabe.</marc:subfield>
   </marc:datafield>
   <marc:datafield ind1=" " ind2=" " tag="020">
      <marc:subfield code="a">9783451706172</marc:subfield>
      <marc:subfield code="9">9783451706172</marc:subfield>
   </marc:datafield>
   <marc:datafield ind1=" " ind2=" " tag="041">
      <marc:subfield code="a">ger</marc:subfield>
   </marc:datafield>
   <marc:datafield ind1="1" ind2=" " tag="521">
      <marc:subfield code="a">0</marc:subfield>
   </marc:datafield>
   <marc:datafield ind1=" " ind2=" " tag="300">
      <marc:subfield code="a">93 S. : Ill.</marc:subfield>
   </marc:datafield>
</marc:record>
